000 00858nam a2200253 i 4500
001 000004325
003 DO-SdBNP
005 20250331134139.0
007 ta
008 090721s1993 dr r 001 0 spa d
040 _aDO-SdBNP
_bspa
_cBNPHU
_erda
082 4 _axxxx
_bD359r
_222
245 0 0 _aDecreto 115 :
_bremodelación límites parroquiales y creación de nuevas parroquias /
_cedición, Rafael Bello Peguero
264 1 _aSanto Domingo :
_bAmigo del Hogar,
_c1993.
300 _a112 páginas ;
_c24 cm.
336 _atexto
_btxt
_2rdacontent
337 _asin mediación
_bn
_2rdamedia
338 _avolumen
_bnc
_2rdacarrier
490 1 _aColección Documentos Eclesiástico de Santo Domingo
_v3
500 _aIncluye índice
590 _aInventariado, 2025/BT
700 1 _aBello Peguero, Rafael,
_d1932-2022
_eeditor
_4ed.
_92405
942 _2ddc
_cLBS1
999 _c4134
_d4134